000 00768cam a22002411 4500
001 sa 65000640
003 DLC
005 20260227112104.0
008 890227s1957 ii 000 0 hin
010 _asa 65000640
035 _a(OCoLC)23560977
040 _aDLC
_cMiU
_dNRU
_dDLC
042 _apremarc
050 0 0 _aPK2095.T8
_bZ9
100 1 _aṠrīvāstava, Devakīnandana,
_d1928-
245 1 0 _aTulasīdāsa kī bhāshā.
_cLekhaka Devakīnandana Śrīvāstava.
260 _a[Lakhanaū]
_bLakhanaū Viśvavidyālaya, 2014
_c[1957]
300 _a2. 2. 16, 3. 395 p.
_c25 cm.
440 0 _aSeṭha Bholārāma Sekasariyā-smāraka granthamālā ;
_v7.
500 _aIn Hindi.
504 _aBibliography: p. [300]-372.
600 0 0 _aTulasīdāsa,
_d1532-1623.
999 _c61644
_d61644